000
00230nam a2200097Ia 4500
005
20251222114413.0
008
251222s1900||||xx |||||||||||||| ||spa||
082
_a
DVD0070/C73/2010
245
0
_a
Temple de acero:True grit
942
_c
DVD
999
_c
2104
_d
2104